Städte, die auf einer Karte mit B beginnen - Statistiken

Allgemein
  • Dieses Quiz wurde 222 mal gespielt
  • Das Durchschnittsergebnis liegt bei 20 aus 30
Antworten auf der Karte
Die Antworten werden auf der Karte rot bzw. grün angezeigt, abhängig davon wie oft sie richtig erraten wurden.
 
Antwortstatistiken
Stadt % Korrekt
Berlin
98%
Brüssel
97%
Barcelona
93%
Birmingham
92%
Brasilia
90%
Budapest
90%
Boston
89%
Bukarest
89%
Buenos Aires
87%
Belgrad
85%
Bogota
85%
Bangkok
84%
Bordeaux
78%
Bagdad
76%
Baku
74%
Beirut
74%
Bergen
73%
Bologna
70%
Brisbane
69%
Baltimore
49%
Beijing
48%
Busan
48%
Belo Horizonte
45%
Brazzaville
45%
Bamako
39%
Bloemfontein
39%
Belem
25%
Bandung
21%
Barranquilla
20%
Bengaluru
19%
Keine übereinstimmenden Quizze gefunden
Verteilung der Resultate
Anzahl Personen mit jedem Resultat
Perzentil nach korrekt beantworteten Fragen
Ihre Resultats-Entwicklung
Sie haben dieses Quiz noch nicht gespielt